[Event "FRA-ch U12 Girls"]
[Site "Saint Paul Trois Chateaux"]
[Date "2013.05.06"]
[Round "9"]
[White "Ghezzali, Leana"]
[Black "Hebert, Floriane"]
[Result "1-0"]
[WhiteElo "1460"]
[BlackElo "1392"]
[PlyCount "69"]
[EventDate "2013.04.28"]
[EventType "swiss"]
[EventRounds "9"]
[EventCountry "FRA"]
[SourceTitle "CBM 154 Extra"]
[Source "ChessBase"]
[SourceDate "2013.06.25"]
[SourceVersion "2"]
[SourceVersionDate "2013.06.25"]
[SourceQuality "1"]

1. d4 d5 2. Nf3 Nc6 3. Bf4 Bf5 4. e3 e6 5. Bd3 Bg4 6. Nbd2 Bb4 7. c3 Bd6 8. Qe2 Nf6 9. 0-0-0 a6 10. h3 Bh5 11. g4 Bg6 12. Ne5 Bxe5 13. Bxe5 Qd7 14. f3 0-0-0 15. Rdf1 Rhg8 16. Nb3 Qe7 17. Bxa6 Nd7 18. Qb5 Nb6 19. Qxc6 bxa6 20. Nc5 Qxc5 21. Qxc5 Rd7 22. Bxg7 f5 23. gxf5 Bxf5 24. Rfg1 Kb7 25. b4 Rdxg7 26. Rxg7 Rxg7 27. b5 axb5 28. Qxb5 Rg3 29. a4 Kc8 30. a5 Na8 31. a6 Rg8 32. a7 Nb6 33. Qc6 Kd8 34. Qxb6 cxb6 35. a8Q+ 1-0